Didáctica de la economía en el bachillerato

Na minha lista:
Detalhes bibliográficos
Autor principal: Travé González, Gabriel (Author)
Formato: Livro
Idioma:espanhol
Publicado em: Madrid Síntesis 2001
Colecção:Didáctica de las Ciencias Sociales. Manuales, 1
Assuntos:
Tags: Adicionar Tag
Sem tags, seja o primeiro a adicionar uma tag!

MARC

LEADER 00000nam a2200000 a 4500
001 UCN7710
003 CL-VaPUC
008 011026e20010000SP |||||||||||||||||spa|d
082 0 4 |a 330.071  |b TRA  |2 21 
100 0 |a Travé González, Gabriel  |e author  |9 463712 
245 1 0 |a Didáctica de la economía en el bachillerato 
300 |a 156 p 
942 |c BK 
945 |d 20011026 00:00:00  |a vberengu 
260 |a Madrid  |b Síntesis  |c 2001 
650 0 |a Economía   |9 255568 
650 0 |a Planificación del currículo  |9 269599 
650 0 |a Evaluación de la educación   |9 237505 
583 |a last modification  |c 20170824 12:12:25  |k Rodrigo Vera 
490 0 |a Didáctica de las Ciencias Sociales. Manuales, 1 
999 |c 297923  |d 297921 
952 |0 0  |1 0  |4 0  |6 330_071000000000000_TRA_2001  |7 0  |8 A  |9 352979  |a BIBHIS  |b BIBHIS  |d 2019-11-21  |i 3764834  |l 1  |o 330.071 TRA 2001  |p 3764834  |r 2025-01-20  |s 2022-08-31  |w 2019-11-21  |y BK  |k HIS